| 000 | 00835cab a2200217 4500 | ||
|---|---|---|---|
| 001 | 86235 | ||
| 008 | 090401t1997 xxu||||| |||| 00| 0 eng d | ||
| 035 | _a(Sirsi) u80651 | ||
| 041 | _aeng | ||
| 245 | _aEsson Properties Ltd v Dresser UK Ltd | ||
| 260 | _c1997 | ||
| 350 | _a0 | ||
| 490 |
_aScots Law Times _v1997 SLT 949-952(4) |
||
| 520 | _aOuter House. 26 July 1996. Landlord and tenant - lease - termination - notice - clause permitting early termination - requirement for service of notice of termination nine months prior to date of break - computation of time - whether service on date nine calendar months prior to date timeous. | ||
| 650 | _aCOMMERCIAL LEASES | ||
| 650 | _aTERMINATION OF LEASE | ||
| 650 | _aTIME | ||
| 690 | _aLANDLORD AND TENANT-CASE LAW-BUSINESS TENANCIES | ||
| 942 | _n0 | ||
| 948 | _c03/09/1997 | ||
| 999 |
_c50773 _d50773 |
||